[Event "Gothenburg op"]
[Site "Gothenburg"]
[Date "2023.08.12"]
[Round "5"]
[White "Lindholm, Marcus"]
[Black "Wengholm, Anders"]
[Result "0-1"]
[WhiteElo "1708"]
[BlackElo "2155"]
[PlyCount "102"]
[EventDate "2023.08.11"]
[EventType "swiss"]
[EventRounds "8"]
[EventCountry "SWE"]
[SourceTitle "CBM 215 Extra"]
[Source "ChessBase"]
[SourceDate "2023.09.30"]
[SourceVersion "1"]
[SourceVersionDate "2023.09.30"]
[SourceQuality "1"]

1. d4 d6 2. e4 Nf6 3. Nc3 g6 4. Bg5 Bg7 5. e5 dxe5 6. dxe5 Ng4 7. Qxd8+ Kxd8 8. h3 Nxe5 9. 0-0-0+ Bd7 10. f4 Nec6 11. Nd5 Re8 12. Nf3 Kc8 13. Bc4 f6 14. Bh4 Na5 15. Be2 c6 16. Nc3 b5 17. a4 a6 18. Rd2 Nb7 19. Bf2 e5 20. Be3 e4 21. Nd4 Kc7 22. Nb3 Be6 23. Nd4 f5 24. g4 Nd7 25. gxf5 gxf5 26. Bh5 Re7 27. Nxe6+ Rxe6 28. Rg1 Bf6 29. Ne2 c5 30. Ng3 Nd6 31. Rgd1 Rd8 32. Rd5 Nc4 33. Bxc5 Nxb2 34. Bd6+ Rxd6 35. Rxd6 Nxd1 36. Rxd1 bxa4 37. Kb1 Rb8+ 38. Ka2 Rb2+ 39. Ka3 Rxc2 40. Nxf5 Rc5 41. Bg4 h5 42. Bxh5 Rxf5 43. Bg4 Rxf4 44. Bxd7 Be7+ 45. Ka2 Rf2+ 46. Kb1 a3 47. Be6 Rb2+ 48. Ka1 Bf6 49. Rd7+ Kc6 50. Rf7 Bc3 51. Ba2 Rb8# 0-1

[Event "Gothenburg op"]
[Site "Gothenburg"]
[Date "2023.08.11"]
[Round "3"]
[White "Eldh, Hjalmar"]
[Black "Lindholm, Marcus"]
[Result "0-1"]
[WhiteElo "1738"]
[BlackElo "1708"]
[PlyCount "108"]
[EventDate "2023.08.11"]
[EventType "swiss"]
[EventRounds "8"]
[EventCountry "SWE"]
[SourceTitle "CBM 215 Extra"]
[Source "ChessBase"]
[SourceDate "2023.09.30"]
[SourceVersion "1"]
[SourceVersionDate "2023.09.30"]
[SourceQuality "1"]

1. e4 c5 2. Nf3 Nc6 3. Bb5 Nf6 4. e5 Nd5 5. 0-0 g6 6. Re1 Bg7 7. c3 0-0 8. d4 Nc7 9. Bf1 cxd4 10. cxd4 d5 11. Nc3 Bg4 12. Be3 Ne6 13. Be2 f6 14. Ng5 Bxe2 15. Nxe6 Bxd1 16. Nxd8 Raxd8 17. exf6 exf6 18. Raxd1 f5 19. Bg5 Rd7 20. a3 Bxd4 21. Re6 Kg7 22. Rxc6 Bxf2+ 23. Kxf2 bxc6 24. Na4 f4 25. Kf3 h6 26. Bh4 g5 27. Bf2 Re8 28. Nc5 Rde7 29. Rd2 h5 30. h3 Kg6 31. b4 Kf5 32. g4+ fxg3 33. Kxg3 Re2 34. Rd3 h4+ 35. Kf3 Kg6 36. Be3 Rh2 37. Kg4 Rf8 38. Rd2 Rxd2 39. Bxd2 Rf2 40. Be3 Rg2+ 41. Kf3 Rg3+ 42. Kf2 Rxh3 43. Ne6 Kf5 44. Nd4+ Ke4 45. Nc2 Rh2+ 46. Kf1 Rxc2 47. Bxa7 Ra2 48. Bc5 Rxa3 49. Be7 Kf3 50. Kg1 g4 51. Bxh4 g3 52. Bf6 Rb3 53. Bb2 Rxb2 54. b5 Rb1# 0-1